00664nam a2200241 a 4500001001300000003000900013005001700022008004100039020001000080082001300090100001500103245001900118260003900137300000900176500003500185505002000220650002400240700001500264902000800279942000700287952011300294999001500407nice12345678IN_TiNIC20260116011643.0050524s1967 akoa grp 000 0 eng  ac10000a242bTOZ aTozer, A W aPursuit of God aAkolabAlliance Publicationsc1967 a118p aincludes index and biblioraphy2 aIndex of Author aDevotions-Christian1 aTozer, A W bSRS cBK 001040708StackRoom-aHMIbHMId2007-06-29g100.00l0o242 TOZp05677r2007-06-29v100.00w2005-05-24yBK c3166d3166